000
00334nam a2200133Ia 4500
008
191201s2011 xx 000 0 und d
100
_a
SCGERLIND LARRY,J
245
0
_a
Applied Finite Element Analysis
250
_a
2nd
260
_a
N. Delhi
_b
Wiley Dreautech India
_c
2011
300
_a
427
650
_a
M.Tech (ME)
942
_2
ddc
_c
BK
999
_c
4995
_d
4995